Táj és irodalom

Elmentve itt :
Bibliográfiai részletek
Szerző: Gergely Gergely
Dokumentumtípus: Cikk
Megjelent: 1943
Sorozat:Délvidéki szemle 2
Kulcsszavak:Irodalomtudomány
Tárgyszavak:
Online Access:http://acta.bibl.u-szeged.hu/19319
LEADER 00626nab a2200193 i 4500
001 acta19319
005 20251103105854.0
008 161015s1943 hu o 000 hun d
040 |a SZTE Egyetemi Kiadványok Repozitórium  |b hun 
041 |a hun 
100 1 |a Gergely Gergely 
245 1 0 |a Táj és irodalom  |h [elektronikus dokumentum] /  |c  Gergely Gergely 
260 |c 1943 
300 |a 408-413 
490 0 |a Délvidéki szemle  |v 2 
650 4 |a Bölcsészettudományok 
650 4 |a Nyelvek és irodalom 
695 |a Irodalomtudomány 
856 4 0 |u http://acta.bibl.u-szeged.hu/19319/1/delvideki_szemle_002_408-413.pdf  |z Dokumentum-elérés